Sports Quiz

Random Sports or Basketball Quiz

NBA: Better than the MVP? Quiz Stats

Quiz not verified by Sporcle

Challenge
Share
Tweet
As of 11/11/14.
Score 0/111 Timer 09:00
0 Plays Today
% Correct
LeBron James
99%
LeBron James
98.9%
LeBron James
98.8%
LeBron James
98.8%
Michael Jordan
93.2%
Michael Jordan
93.2%
Michael Jordan
93.2%
Michael Jordan
93.2%
Michael Jordan
93.2%
Kobe Bryant
92.9%
Shaquille O'Neal
92%
Shaquille O'Neal
91.9%
Shaquille O'Neal
91.9%
Karl Malone
90.9%
Karl Malone
90.8%
Karl Malone
90.8%
Marques Johnson
89.2%
Dwyane Wade
87.7%
Dwyane Wade
87.6%
Tim Duncan
86.9%
Tim Duncan
86.9%
Dirk Nowitzki
83.3%
Dirk Nowitzki
83.2%
Dirk Nowitzki
83.2%
Kevin Garnett
82.1%
Kevin Garnett
82%
Wilt Chamberlain
81%
Wilt Chamberlain
80.9%
Wilt Chamberlain
80.9%
Wilt Chamberlain
80.9%
Wilt Chamberlain
80.9%
Wilt Chamberlain
80.9%
Jerry West
80.1%
David Robinson
77%
David Robinson
77%
Charles Barkley
76.9%
Charles Barkley
76.8%
% Correct
Kareem Abdul-Jabbar
76.3%
Kareem Abdul-Jabbar
76.3%
Kareem Abdul-Jabbar
76.3%
Kareem Abdul-Jabbar
76.3%
Bill Russell
76.2%
Hakeem Olajuwon
75.7%
Paul Pierce
72.7%
Julius Erving
72%
Oscar Robertson
71.8%
Oscar Robertson
71.7%
Oscar Robertson
71.7%
Oscar Robertson
71.7%
Oscar Robertson
71.7%
Bob Pettit
70.2%
Bob Pettit
70.2%
Bob Pettit
70.2%
Chris Paul
70%
Chris Paul
69.9%
Tracy McGrady
69.2%
Tracy McGrady
69.1%
Amar'e Stoudemire
68.6%
Amar'e Stoudemire
68.5%
Dwight Howard
67.5%
Ray Allen
65.3%
Willis Reed
64.7%
Vince Carter
63.5%
Elgin Baylor
60.8%
Elgin Baylor
60.8%
John Havlicek
60.1%
Dave Cowens
60%
Bobby Jones
55%
Walt Frazier
54.9%
Walt Frazier
54.9%
Walt Frazier
54.9%
Pau Gasol
53.8%
Shawn Marion
51.3%
Shawn Marion
51.2%
% Correct
George Gervin
50.4%
Chauncey Billups
48.6%
Chauncey Billups
48.5%
Rick Barry
44.8%
Bob McAdoo
42.2%
Manu Ginobili
40.6%
Tiny Archibald
39.4%
Dolph Schayes
38.9%
Dolph Schayes
38.9%
Walter Davis
36.3%
Gilbert Arenas
36.2%
Gilbert Arenas
36.2%
David Thompson
36.2%
Adrian Dantley
36.1%
Adrian Dantley
36.1%
Paul Arizin
34%
Bob Lanier
29.4%
Elton Brand
29%
Walt Bellamy
29%
Walt Bellamy
29%
Stephon Marbury
28.4%
Steve Francis
26.3%
Bill Sharman
24.7%
Bob Boozer
23.7%
Artis Gilmore
19.6%
Neil Johnston
17.4%
Neil Johnston
17.4%
Dan Issel
16%
Jack Twyman
13.1%
Paul Westphal
12.8%
George Yardley
9.9%
George Yardley
9.9%
Bailey Howell
9%
Bailey Howell
9%
John Drew
5.2%
Marvin Webster
1.4%
Billy Paultz
0.9%

You're not logged in!

Compare scores with friends on all Sporcle quizzes.
Sign Up with Email
OR
Log In

You Might Also Like...

Show Comments

Extras

Top Quizzes Today


Score Distribution

Your Account Isn't Verified!

In order to create a playlist on Sporcle, you need to verify the email address you used during registration. Go to your Sporcle Settings to finish the process.

Report this User

Report this user for behavior that violates our Community Guidelines.

Details: